Statistics for Cities Served by Emirates

Click here to take the quiz!

General Stats

  • This quiz has been taken 68 times
    (34 since last reset)
  • The average score is 98 of 135

Answer Stats

Countries% Correct
Ho Chi Minh
100%
Istanbul
100%
Moscow
100%
Amsterdam
95%
Boston
95%
London
95%
Milan
95%
New York City
95%
Warsaw
95%
Barcelona
91%
Chicago
91%
Delhi
91%
Frankfurt
91%
Johannesburg
91%
Madrid
91%
Melbourne
91%
Mexico City
91%
Munich
91%
Oslo
91%
Paris
91%
Rome
91%
São Paulo
91%
Seoul
91%
Shanghai
91%
Sydney
91%
Tokyo
91%
Toronto
91%
Vienna
91%
Washington D.C.
91%
Zürich
91%
Athens
86%
Auckland
86%
Beijing
86%
Cape Town
86%
Houston
86%
Jakarta
86%
Kolkata
86%
Kuwait City
86%
Lisbon
86%
Los Angeles
86%
Manila
86%
Mumbai
86%
Osaka
86%
Perth
86%
Saint Petersburg
86%
San Francisco
86%
Stockholm
86%
Brussels
82%
Cairo
82%
Copenhagen
82%
Dallas
82%
Dubai
82%
Guangzhou
82%
Hamburg
82%
Hanoi
82%
Prague
82%
Singapore
82%
Addis Ababa
77%
Algiers
77%
Amman
77%
Brisbane
77%
Budapest
77%
Düsseldorf
77%
Edinburgh
77%
Geneva
77%
Glasgow
77%
Hong Kong
77%
Hyderabad
77%
Islamabad
77%
Kuala Lumpur
77%
Manchester
77%
Riyadh
77%
Taipei
77%
Tehran
77%
Beirut
73%
Birmingham
73%
Casablanca
73%
Dublin
73%
Jeddah
73%
Lagos
73%
Lahore
73%
Luanda
73%
Muscat
73%
Nairobi
73%
Orlando
73%
Seattle
73%
Baghdad
68%
Bangalore
68%
Bangkok
68%
Chennai
68%
Colombo
68%
Dar es Salaam
68%
Dhaka
68%
Karachi
68%
Abidjan
64%
Abuja
64%
Ahmedabad
64%
Dakar
64%
Khartoum
64%
Lyon
64%
Manama
64%
Nice
64%
Tunis
64%
Durban
59%
Medina
59%
Newark
59%
Porto
59%
Venice
59%
Zagreb
59%
Accra
55%
Denpasar
55%
Malé
55%
Phnom Penh
55%
Valletta
55%
Basra
50%
Christchurch
50%
Kabul
50%
Newcastle upon Tyne
50%
Bologna
45%
Dammam
45%
Harare
45%
Peshawar
45%
Phuket
45%
Conakry
41%
Lusaka
41%
Kampala
36%
Kochi
36%
Port Louis
36%
Cebu
32%
Larnaca
32%
Thiruvananthapuram
32%
Clark
27%
Mahé
27%
Kozhikode
23%
Sialkot
23%

Score Distribution

Percentile by Number Answered

Percent of People with Each Score

Your Score History

You have not taken this quiz since the last reset